Músicos argentinos i [dvd] : encuentro en el estudio i y ii
Guardado en:
| Formato: | Libro |
|---|---|
| Publicado: |
Buenos Aires :
Educ.ar,
2011
|
| Series: | Colección Ministerio de Educación de la Nación
|
| Materias: | |
| Etiquetas: |
Agregar Etiqueta
Sin Etiquetas, Sea el primero en etiquetar este registro!
|
| LEADER | 01021nam a22002055a 4500 | ||
|---|---|---|---|
| 001 | CEM.cems017830 | ||
| 005 | 20130904122540.0 | ||
| 008 | 130507s2011##################000#0#####d | ||
| 003 | CEMS | ||
| 082 | 0 | 4 | |a DVD370 |
| 245 | 0 | 0 | |a Músicos argentinos i [dvd] : |b encuentro en el estudio i y ii |
| 260 | |a Buenos Aires : |b Educ.ar, |c 2011 | ||
| 300 | |a 1 DVD | ||
| 490 | 0 | |a Colección Ministerio de Educación de la Nación | |
| 500 | |a Nivel Medioel programa tiene como objetivo recorrer la historia esencial de los artistas, descubrir la poesía detrás de las canciones, desgranar las armonías y entender el lugar que cada uno ocupa dentro de la sociedad. La conducción y las entrevistas estarán a cargo de Lalo Mir que posee una natural cercanía con el mundo de la música y el arte | ||
| 505 | 0 | |a Fito Páez -- Divididos -- Peteco Carabajal -- Gustavo Santaolalla | |
| 653 | |a Música | ||
| 653 | |a Música argentina | ||
| 653 | |a Músicoa argentinos | ||
| 859 | |a CEMS |b BIB. CEMS - Agricultura |h DVD370 |i Ar37 |p A0011.012 |t Ej.1 |v 11 |3 11 | ||
